Trang trại gia đình: Bước phát triển mới của kinh tế hộ nông dân

Uloženo v:
Podrobná bibliografie
Hlavní autor: Nguyễn Đình Điền
Médium: Kniha
Jazyk:Undetermined
Vydáno: Hà Nội Nông nghiệp 2000
Témata:
Tagy: Přidat tag
Žádné tagy, Buďte první, kdo otaguje tento záznam!
Thư viện lưu trữ: Trung tâm Học liệu Trường Đại học Cần Thơ
LEADER 00604nam a2200169Ia 4500
001 CTU_41643
008 210402s9999 xx 000 0 und d
082 |a 338.1 
082 |b Đ305 
100 |a Nguyễn Đình Điền 
245 0 |a Trang trại gia đình: Bước phát triển mới của kinh tế hộ nông dân 
245 0 |c Nguyễn Đình Điền 
260 |a Hà Nội 
260 |b Nông nghiệp 
260 |c 2000 
650 |a agriculture - economic conditions - developing countries,family farms 
980 |a Trung tâm Học liệu Trường Đại học Cần Thơ